CCNM 2002 programme intégré d'activités

Uložené v:
Podrobná bibliografia
Médium: Kniha
Jazyk:French
Vydavateľské údaje: Paris OCDE 2002
Predmet:
Tagy: Pridať tag
Žiadne tagy, Buďte prvý, kto otaguje tento záznam!

MARC

LEADER 00000nam a2200000 4500
001 c133760
005 20221124091827.1
041 0 |a fre 
044 |a FR 
245 1 0 |a CCNM 2002  |b programme intégré d'activités 
264 1 |a Paris  |b OCDE  |c 2002 
300 |a 240 s. 
610 2 0 |a integrácia ekonomická medzinárodná 
610 2 0 |a spolupráca medzinárodná 
610 2 0 |a aktivita hospodárska 
610 2 0 |a partneri obchodní 
610 2 0 |a programy rozvojové 
610 2 0 |a regióny 
610 2 0 |a svet 
610 2 0 |a OECD 
610 2 0 |a 2002